000
00309nam a2200121Ia 4500
008
180117s9999 xx 000 0 und d
100
_a
by Alex y Vergara
245
_a
United with a Noble Purpose
260
_c
2017
300
_a
23-24 pages, 2017 April 2
440
_a
Philippine Panorama
650
_a
NOBLE
999
_c
353449
_d
353449